| 000 | 00778nam a2200217 a 4500 | ||
|---|---|---|---|
| 001 | BRCA_821 | ||
| 005 | 20190320203150.0 | ||
| 008 | 980821s1998 mx-a---##c---#000-0#spa-# | ||
| 020 | _a9701813510 | ||
| 040 |
_aDLC _cDLC |
||
| 050 | 4 |
_aHF3238 _b.G35 1998 |
|
| 245 | 1 | 0 |
_aLos galeones de la plata _bMéxico, corazón del comercio interoceánico : 1565-1815. |
| 260 |
_aMéxico _bCONACULTA _c1998 |
||
| 300 |
_a154 p. _bil. a color _c23 cm. |
||
| 500 | _aIncluye lista de obra | ||
| 500 | _aCatálogo de la exposición realizada en el Museo Franz Mayer (Ciudad de México), junio-septiembre, 1998 | ||
| 651 | 4 |
_aMéxico _xComercio _zAsia _92731 |
|
| 651 | 4 |
_aAsia _xComercio _zMéxico _92732 |
|
| 710 | 2 |
_aConsejo Nacional para la Cultura y las Artes (México) _92733 |
|
| 942 |
_2lcc _cB |
||
| 999 |
_c716 _d716 |
||